South Eastern Kenya University

Library Online Public Access Catalogue


Mathematics 10 ; (Record no. 11344)

MARC details
000 -LEADER
fixed length control field 00673cam a22002291 4500
001 - CONTROL NUMBER
control field 9389073
003 - CONTROL NUMBER IDENTIFIER
control field OSt
005 - DATE AND TIME OF LATEST TRANSACTION
control field 20160223120132.0
008 - FIXED-LENGTH DATA ELEMENTS--GENERAL INFORMATION
fixed length control field 810917s1963 nyu b s000 0 eng c
010 ## - LIBRARY OF CONGRESS CONTROL NUMBER
LC control number a 64007020
035 ## - SYSTEM CONTROL NUMBER
System control number (OCoLC)7765570
040 ## - CATALOGING SOURCE
Original cataloging agency SEKU
042 ## - AUTHENTICATION CODE
Authentication code premarc
050 00 - LIBRARY OF CONGRESS CALL NUMBER
Classification number QA 11
Item number .W4 1994
110 2# - MAIN ENTRY--CORPORATE NAME
Corporate name or jurisdiction name as entry element University of the State of New York.
Subordinate unit Bureau of Secondary Curriculum Development.
245 10 - TITLE STATEMENT
Title Mathematics 10 ;
Remainder of title Quebec Edition
260 ## - PUBLICATION, DISTRIBUTION, ETC. (IMPRINT)
Place of publication, distribution, etc. Don Mills,
Name of publisher, distributor, etc. Addison Wesley Publishers
Date of publication, distribution, etc. 1994.
300 ## - PHYSICAL DESCRIPTION
Extent 86 p.
Dimensions 23 cm.
504 ## - BIBLIOGRAPHY, ETC. NOTE
Bibliography, etc Bibliography: p. 75-76.
650 #0 - SUBJECT ADDED ENTRY--TOPICAL TERM
Topical term or geographic name as entry element Mathematics
General subdivision Study and teaching (Secondary)
942 ## - ADDED ENTRY ELEMENTS (KOHA)
Source of classification or shelving scheme Library of Congress Classification
Koha item type General circulation
Holdings
Withdrawn status Lost status Source of classification or shelving scheme Damaged status Not for loan Home library Current library Shelving location Date acquired Source of acquisition Full call number Barcode Date last seen Price effective from Koha item type Public note
    Library of Congress Classification     SEHSS - Library SEHSS - Library General Stacks 23/02/2016 Donation-books for Africa [EHS] QA 11 .W4 1994 2016/013560 23/02/2016 23/02/2016 General circulation A.K.
Kitui, Kenya.
+254736116989
library@seku.ac.ke